000
00273nam a2200109Ia 4500
005
20251222143257.0
008
251222s9999||||xx |||||||||||||| ||spa||
082
_a
341.242/A82
245
0
_a
La ComunitĂș Europea Per I Giovani
264
_b
Corriere delle Opere
942
_c
LIB
999
_c
15182
_d
15182